[Event "Copenhagen Challenge"]
[Site "Ballerup"]
[Date "2012.05.04"]
[Round "5"]
[White "Andersen, Kim Nyvang"]
[Black "Minko, Vladimir"]
[Result "0-1"]
[WhiteElo "2009"]
[BlackElo "2188"]
[PlyCount "170"]
[EventDate "2012.05.02"]
[EventType "swiss"]
[EventRounds "9"]
[EventCountry "DEN"]
[SourceTitle "CBM 148 Extra"]
[Source "ChessBase"]
[SourceDate "2012.06.22"]
[SourceVersion "1"]
[SourceVersionDate "2012.06.22"]
[SourceQuality "1"]

1. d4 Nf6 2. c4 c5 3. d5 e6 4. Nc3 exd5 5. cxd5 Bd6 6. e4 Be5 7. Nge2 0-0 8. f4 Bxc3+ 9. Nxc3 d6 10. Be2 Re8 11. e5 dxe5 12. fxe5 Rxe5 13. Bf4 Re8 14. 0-0 a6 15. a4 Nbd7 16. Qd2 Qa5 17. Rae1 b6 18. d6 Bb7 19. Bc4 Qb4 20. b3 Bc6 21. Re7 Rxe7 22. dxe7 Re8 23. Qd3 b5 24. axb5 axb5 25. Nxb5 Bxb5 26. Bxb5 Rxe7 27. Bc4 Re1 28. Bd2 Rxf1+ 29. Kxf1 Qb8 30. h3 Ne5 31. Bf4 Qe8 32. Qe3 Nxc4 33. Qxe8+ Nxe8 34. bxc4 Nf6 35. Ke2 Nd7 36. Kd3 f5 37. g4 g6 38. gxf5 gxf5 39. Bd6 Kf7 40. Bg3 Kf6 41. Bf2 Ke5 42. Ke3 f4+ 43. Kf3 Kf5 44. Bg1 h5 45. Bf2 Ne5+ 46. Ke2 Ke4 47. Bxc5 Nxc4 48. Kf2 Ne5 49. Ba7 Nf7 50. Bb6 Ng5 51. Kg2 Nf3 52. Bf2 Nd4 53. Be1 Ne6 54. Bf2 f3+ 55. Kg3 Ng7 56. Bb6 Ne6 57. Bf2 Nf4 58. Bb6 Ng6 59. Bf2 h4+ 60. Kg4 Nf4 61. Bxh4 Ke3 62. Bg3 Ne2 63. Be1 Nc3 64. Bg3 Ne4 65. Be1 Ke2 66. Bh4 Nf2+ 67. Kg3 Nd1 68. Kh2 Ne3 69. Kg1 Ng2 70. Bg3 Nf4 71. Kh2 Nh5 72. Bh4 Ng7 73. Kg1 Ne6 74. Bg3 Ng5 75. Kh2 Ne4 76. Bh4 Nf6 77. Kg1 Nd5 78. Kh2 Nf6 79. Kg1 Ne4 80. Kh2 Kf1 81. Bd8 Nd6 82. Bh4 Nf5 83. Bd8 Ke2 84. Bb6 Ne3 85. Bxe3 Kxe3 0-1

[Event "Copenhagen Challenge"]
[Site "Ballerup"]
[Date "2011.05.22"]
[Round "9"]
[White "Leosson, Atli Johann"]
[Black "Andersen, Kim Nyvang"]
[Result "0-1"]
[WhiteElo "1673"]
[BlackElo "1931"]
[PlyCount "72"]
[EventDate "2011.05.18"]
[EventType "swiss"]
[EventRounds "9"]
[EventCountry "DEN"]
[SourceTitle "EXT 2018"]
[Source "ChessBase"]
[SourceDate "2017.10.13"]
[SourceVersion "1"]
[SourceVersionDate "2017.10.13"]
[SourceQuality "1"]

1. e4 c5 2. Nf3 Nc6 3. d4 cxd4 4. Nxd4 Nf6 5. Nc3 e5 6. Nxc6 bxc6 7. Bg5 Be7 8. Bc4 0-0 9. 0-0 d6 10. Qe2 Bg4 11. Qe3 Qc7 12. Qg3 Bh5 13. f4 exf4 14. Rxf4 Bg6 15. Qf3 Nh5 16. Bxe7 Qxe7 17. Rg4 Nf6 18. Rf4 Qe5 19. Rf1 Qd4+ 20. Kh1 Rae8 21. Bd3 Re5 22. Qf2 Qxf2 23. R1xf2 Rfe8 24. h3 R8e7 25. Re2 Rg5 26. Ref2 Nh5 27. R4f3 Rge5 28. Re2 h6 29. Kh2 Nf6 30. Rfe3 d5 31. Rg3 dxe4 32. Bc4 Bh5 33. Rf2 Nd5 34. Bxd5 cxd5 35. Nb5 e3 36. Rf1 Be2 0-1